000 00648cab a2200241 4500
001 WB3301-39
008 090401t1996 xxu||||| |||| 00| 0 eng d
035 _a(Sirsi) u13010
041 _aeng
245 _aHousing boom
260 _c1996
350 _a0
490 _aIndependent
_v15 December 1996, 2.4(2)
520 _aCurrent figures suggest that a house price boom is coming and that only a big rise in interest rates can block it.
650 _aBOOM-BUST CYCLES
650 _aFORECASTS
650 _aHOMEBUYERS
650 _aHOUSE PRICES
650 _aNEGATIVE EQUITY
690 _aHOUSING
942 _n0
948 _c04/03/1997
999 _c8360
_d8360